| 000 | 00478nam a22001457a 4500 | ||
|---|---|---|---|
| 003 | SGT | ||
| 082 |
_a616.01 _bC17G |
||
| 100 | _aGANGULY, KRITI | ||
| 245 | _aCOMPARATIVE STUDY BETWEEN SMEAR, CULTURE & POLYMERASE CHAIN REACTION IN CASES OF PULMONARY TUBERCULOSIS & THEIR ANTIBIOTIC SENSITIVITY PATTERN AT SGT MEDICAL COLLAGE & HOSPITAL CHANDU-BUDHERA, GURGAON, HARYANA | ||
| 260 |
_aSGTU _c2017 |
||
| 300 | _a105 | ||
| 650 | _aMICROBIOLOGY | ||
| 653 | _aM.D | ||
| 942 |
_2ddc _cTH |
||
| 999 |
_c20536 _d20536 |
||